Χώρες με τα πιο πολλά ολυμπιακά μετάλλια (Θερινοί Αγώνες) - Statistics

General Stats
  • This quiz has been taken 245 times
  • The average score is 14 of 20
Answer Stats
Μετάλλια Χώρα % Correct
546 Κίνα
98%
2523 Ηνωμένες Πολιτείες Αμερικής
97%
615 Γερμανία
96%
426 Ρωσία
94%
716 Γαλλία
91%
439 Ιαπωνία
89%
497 Αυστραλία
88%
302 Καναδάς
88%
577 Ιταλία
86%
851 Ηνωμένο Βασίλειο
80%
494 Σουηδία
75%
284 Πολωνία
62%
285 Κάτω Χώρες
61%
303 Φινλανδία
49%
306 Ρουμανία
48%
267 Νότια Κορέα
46%
1010 Σοβιετική Ένωση
43%
491 Ουγγαρία
30%
226 Κούβα
29%
409 Ανατολική Γερμανία
24%
No matching quizzes found
Score Distribution
Percent of People with Each Score
Percentile by Number Answered
Your Score History
You have not taken this quiz